00443nam a22001457a 450000500170000000800410001702000180005804000130007608200170008910000210010624501160012726000360024330000110027954600070029020161103113213.0161031b xxu||||| |||| 00| 0 eng d a9780300101133 cPK-LaUMT a711.4bGRO-B aGrove, J. Morgan aThe Baltimore school of Urban ecologybspace, scale, and time for the study of citiescJ. Morgan Grove [et al.] aLondon:bYale University,c2015 a227 p. aEN